000 01183nam a2200325 i 4500
001 13346
003 KOSZ 005
005 20230209102011.0
008 070608s1971 pl a f 001 0 pol
015 _aPB 1971/3708
040 _aWA N
_cWA N
_dKOSZ 005/RW
080 _a628.1/.3
245 0 0 _aWodociągi i kanalizacja :
_bporadnik : praca zbiorowa /
_c[autor Wacław Błaszczyk et al. ; redakcja naukowa Mariusz Chudzicki].
260 _aWarszawa :
_b"Arkady",
_c1971.
300 _a1138 stron, [11] kart tablic :
_bilustracje ;
_c23 cm.
336 _aTekst
_btxt
_2rdacontent
337 _aBez urządzenia pośredniczącego
_bn
_2rdamedia
338 _aWolumin
_bnc
_2rdacarrier
380 _aKsiążki.
504 _aBibliografia przy rozdziałach. Indeks.
650 4 _aKanalizacja
650 4 _aWodociąg
655 4 _aPoradnik
658 _aInżynieria i technika
700 1 _aBłaszczyk, Wacław
_d(1932- )
_eAutor
710 2 _aWydawnictwo "Arkady".
_4pbl.
700 1 _aChudzicki, Mariusz
_eRedakcja
856 _uhttp://koha.tu.koszalin.pl/cgi-bin/koha/opac-detail.pl?biblionumber=13346
_yKatalog online BPK
942 _2UKD
_cKS
999 _c13346
_d13346